01163cam a2200265 4500001001300000003000400013005001700017008004100034010001700075040003600092050001800128070002100146100004500167245007000212260008300282300002600365490007300391500012700464650004300591650003300634650003600667700009700703830008000800999001700880agr66000286 DLC20260227111025.0690925s1966 dcua 000 0 eng c aagr66000286  aU.S. Nal'l Agr. Libr.cDLCdDLC00aSB608.F8bN390 a1 Ag84Ah no. 3061 aNewcomer, E. J.q(Erval Jackson),d1890-10aInsect pests of deciduous fruits in the West,cby E. J. Newcomer. a[Washington]bAgricultural Research Service, U.S. Dept. of Agriculturec[1966] a57 p.billus.c23 cm.1 aUnited States. Dept. of Agriculture. Agriculture handbook ;vno. 306 a"Contains information formerly published in Circular no. 270, Orchard insects of the Pacific Northwest and their control." 0aFruitxDiseases and pestszWest (U.S.) 3aFruit pestszWestern States. 3aFruit diseaseszWestern States.1 aNewcomer, Erval Jackson,d1890-tOrchard insects of the Pacific Northwest and their control. 0aAgriculture handbook (United States. Department of Agriculture) ;vno. 306. c12111d12111